Le résumé imaginaire : des personnages en quête d’œuvres (notice n° 1636189)
[ vue normale ]
| 000 -LEADER | |
|---|---|
| fixed length control field | 01311cam a2200217 4500500 |
| 005 - DATE AND TIME OF LATEST TRANSACTION | |
| control field | 20260111144543.0 |
| 041 ## - LANGUAGE CODE | |
| Language code of text/sound track or separate title | fre |
| 042 ## - AUTHENTICATION CODE | |
| Authentication code | dc |
| 100 10 - MAIN ENTRY--PERSONAL NAME | |
| Personal name | Gelard, Xavier |
| Relator term | author |
| 245 00 - TITLE STATEMENT | |
| Title | Le résumé imaginaire : des personnages en quête d’œuvres |
| 260 ## - PUBLICATION, DISTRIBUTION, ETC. | |
| Date of publication, distribution, etc. | 2018.<br/> |
| 500 ## - GENERAL NOTE | |
| General note | 29 |
| 520 ## - SUMMARY, ETC. | |
| Summary, etc. | L’article expose la mise en place d’un exercice d’investigation littéraire, le résumé imaginaire, pouvant s’inscrire dans l’objet d’étude de Première « Le personnage de roman du XVIIe siècle à nos jours ». L’exercice, qui consiste à soumettre des titres d’œuvres réelles à des élèves sans qu’ils les aient lues et leur demander d’en imaginer le contenu afin de produire un résumé, s’est révélé, dans les classes où il a été mis en place, une source de renseignements sur le rôle qu’assignent intuitivement les élèves au personnage et à sa fonction dans l’élaboration textuelle. |
| 690 ## - LOCAL SUBJECT ADDED ENTRY--TOPICAL TERM (OCLC, RLIN) | |
| Topical term or geographic name as entry element | personnage |
| 690 ## - LOCAL SUBJECT ADDED ENTRY--TOPICAL TERM (OCLC, RLIN) | |
| Topical term or geographic name as entry element | postures d’auteur |
| 690 ## - LOCAL SUBJECT ADDED ENTRY--TOPICAL TERM (OCLC, RLIN) | |
| Topical term or geographic name as entry element | résumé imaginaire |
| 690 ## - LOCAL SUBJECT ADDED ENTRY--TOPICAL TERM (OCLC, RLIN) | |
| Topical term or geographic name as entry element | sujet lecteur |
| 700 10 - ADDED ENTRY--PERSONAL NAME | |
| Personal name | Lewi, Olivia |
| Relator term | author |
| 786 0# - DATA SOURCE ENTRY | |
| Note | Le français aujourd'hui | 201 | 2 | 2018-06-01 | p. 77-86 | 0184-7732 |
| 856 41 - ELECTRONIC LOCATION AND ACCESS | |
| Uniform Resource Identifier | <a href="https://shs.cairn.info/revue-le-francais-aujourd-hui-2018-2-page-77?lang=fr&redirect-ssocas=7080">https://shs.cairn.info/revue-le-francais-aujourd-hui-2018-2-page-77?lang=fr&redirect-ssocas=7080</a> |
Pas d'exemplaire disponible.




Réseaux sociaux